<?xml version="1.0" encoding="UTF-8"?>
<record
    xmlns:xsi="http://www.w3.org/2001/XMLSchema-instance"
    xsi:schemaLocation="http://www.loc.gov/MARC21/slim http://www.loc.gov/standards/marcxml/schema/MARC21slim.xsd"
    xmlns="http://www.loc.gov/MARC21/slim">

  <leader>03928cam a22005054i 4500</leader>
  <controlfield tag="003">PE-LiUPU</controlfield>
  <controlfield tag="005">20250731173055.0</controlfield>
  <controlfield tag="008">180313s2014    xxu     rb    001 0 spa d</controlfield>
  <datafield tag="020" ind1=" " ind2=" ">
    <subfield code="a">9781890718817</subfield>
  </datafield>
  <datafield tag="035" ind1=" " ind2=" ">
    <subfield code="a">(Sirsi) a241555</subfield>
  </datafield>
  <datafield tag="040" ind1=" " ind2=" ">
    <subfield code="a">PE-LiUPU</subfield>
    <subfield code="b">spa</subfield>
    <subfield code="c">PE-LiUPU</subfield>
    <subfield code="e">rda</subfield>
  </datafield>
  <datafield tag="049" ind1=" " ind2=" ">
    <subfield code="a">PRUA</subfield>
  </datafield>
  <datafield tag="082" ind1="0" ind2="4">
    <subfield code="a">248.4</subfield>
    <subfield code="b">J6</subfield>
    <subfield code="2">22</subfield>
  </datafield>
  <datafield tag="100" ind1="1" ind2=" ">
    <subfield code="a">Baker, LeGrand,</subfield>
    <subfield code="e">autor.</subfield>
  </datafield>
  <datafield tag="245" ind1="1" ind2="0">
    <subfield code="a">Jos&#xE9; y Moroni :</subfield>
    <subfield code="b">7 principios que Moroni ense&#xF1;&#xF3; a Jos&#xE9; Smith /</subfield>
    <subfield code="c">LeGrand L. Baker, Christopher J. Coleman.</subfield>
  </datafield>
  <datafield tag="264" ind1=" " ind2="1">
    <subfield code="a">Salt Lake City :</subfield>
    <subfield code="b">Eborn books,</subfield>
    <subfield code="c">2014.</subfield>
  </datafield>
  <datafield tag="300" ind1=" " ind2=" ">
    <subfield code="a">148 p&#xE1;ginas ;</subfield>
    <subfield code="c">23 cent&#xED;metros</subfield>
  </datafield>
  <datafield tag="336" ind1=" " ind2=" ">
    <subfield code="a">text</subfield>
    <subfield code="2">rdacontent</subfield>
  </datafield>
  <datafield tag="337" ind1=" " ind2=" ">
    <subfield code="a">unmediated</subfield>
    <subfield code="2">rdamedia</subfield>
  </datafield>
  <datafield tag="338" ind1=" " ind2=" ">
    <subfield code="a">volume</subfield>
    <subfield code="2">rdacarrier</subfield>
  </datafield>
  <datafield tag="504" ind1=" " ind2=" ">
    <subfield code="a">Bibliograf&#xED;a : p&#xE1;ginas 120-122.</subfield>
  </datafield>
  <datafield tag="504" ind1=" " ind2=" ">
    <subfield code="a">&#xCD;ndice : p&#xE1;ginas 125-148.</subfield>
  </datafield>
  <datafield tag="505" ind1="0" ind2=" ">
    <subfield code="a">Primer principio: El no hablar tan abiertamente de cosas sagradas -- Una amistad extraordinaria -- La primera visi&#xF3;n -- Jos&#xE9; aprende a no hablar tan abiertamente acerca de las cosas sagradas -- Segundo principio: La necesidad de aprender a reconocer el sentimiento que identifica al Esp&#xED;ritu Santo -- Jos&#xE9; conoce a Moroni -- &#xBF;Qui&#xE9;n fue Moroni? El mensaje de Moroni a Jos&#xE9; -- La cuarta visita de Moroni -- Jos&#xE9; encuentra las planchas -- Moroni muestra a Jos&#xE9; la diferencia entre el bien y el mal -- Tercer principio: La integridad es el cumplir con los convenios que uno hace con Dios -- Jos&#xE9; le ense&#xF1;a a su familia acerca de la gente del libro de Morm&#xF3;n -- Jos&#xE9; va al cerro de Cumorah por segunda vez -- Otra lecci&#xF3;n acerca de la obediencia -- Cuarto principio: En ocasiones los profetas deben tomar sus propias decisiones -- Jos&#xE9; va al cerro por tercera vez -- Un profeta no es un t&#xED;tere -- &#xDA;ltimos preparativos de Jos&#xE9; para recibir las planchas -- Jos&#xE9; recibe las planchas -- Jos&#xE9; y Emma se mudan a Harmony, Pensilvania -- Quinto principio: La amistad, por muy importante que sea, no es tan importante como el guardar los mandamientos de Dios -- Jos&#xE9; empieza a traducir las planchas -- Problemas con Lucy Harris -- Mart&#xED;n Harris y el profesor Charles Anthon -- M&#xE1;s problemas con la Se&#xF1;ora Harris -- La p&#xE9;rdida de las 116 p&#xE1;ginas -- &#xBF;Qu&#xE9; sucedi&#xF3; con las 116 p&#xE1;ginas? -- &#xDA;ltima lecci&#xF3;n para Jos&#xE9; acerca de la obediencia -- Sexto principio: El se&#xF1;or ya ha planificado el &#xE9;xito de sus hijos -- A Jos&#xE9; se le manda traducir las planchas menores de Nefi -- Oliverio Cowdery viene a ayudar a Jos&#xE9; -- La restauraci&#xF3;n del sacerdocio de Melquisedec -- Los Whitmer se preparan para recibir a sus invitados -- Moroni transporta las planchas por Jos&#xE9; -- S&#xE9;ptimo principio: El se&#xF1;or proporciona la ayuda que &#xE9;l que sabe que necesitamos -- Mary Whitmer ve a Moroni y las planchas -- El testimonio de Sarah Conrad -- &#xC1;ngeles ayudan a Jos&#xE9; a traducir -- El testimonio de los tres testigos -- El testimonio de los ocho testigos -- C&#xF3;mo leer, entender, y obtener un testimonio del libro de Morm&#xF3;n -- Conclusi&#xF3;n: Jos&#xE9; y Moroni tuvieron &#xE9;xito en sus misiones -- &#xBF;Qu&#xE9; sucedi&#xF3; con las planchas de oro? -- Jos&#xE9; hab&#xED;a aprendido a ser un profeta -- Referencias -- Bibliograf&#xED;a -- Sobre los autores -- &#xCD;ndice.</subfield>
  </datafield>
  <datafield tag="526" ind1=" " ind2=" ">
    <subfield code="a">SEG42</subfield>
  </datafield>
  <datafield tag="526" ind1=" " ind2=" ">
    <subfield code="a">SEG41</subfield>
  </datafield>
  <datafield tag="526" ind1=" " ind2=" ">
    <subfield code="a">SEG40</subfield>
  </datafield>
  <datafield tag="526" ind1=" " ind2=" ">
    <subfield code="a">SEG39</subfield>
  </datafield>
  <datafield tag="526" ind1=" " ind2=" ">
    <subfield code="a">P94</subfield>
  </datafield>
  <datafield tag="526" ind1=" " ind2=" ">
    <subfield code="a">P87</subfield>
  </datafield>
  <datafield tag="526" ind1=" " ind2=" ">
    <subfield code="a">P86</subfield>
  </datafield>
  <datafield tag="526" ind1=" " ind2=" ">
    <subfield code="a">P85</subfield>
  </datafield>
  <datafield tag="526" ind1=" " ind2=" ">
    <subfield code="a">P77</subfield>
  </datafield>
  <datafield tag="526" ind1=" " ind2=" ">
    <subfield code="a">P76</subfield>
  </datafield>
  <datafield tag="526" ind1=" " ind2=" ">
    <subfield code="a">P35</subfield>
  </datafield>
  <datafield tag="600" ind1="1" ind2=" ">
    <subfield code="a">Smith, Joseph</subfield>
    <subfield code="d">1805-1844.</subfield>
  </datafield>
  <datafield tag="650" ind1="0" ind2="4">
    <subfield code="a">Teolog&#xED;a</subfield>
    <subfield code="x">Theology.</subfield>
  </datafield>
  <datafield tag="650" ind1="0" ind2="4">
    <subfield code="a">Doctrina</subfield>
    <subfield code="x">Doctrine.</subfield>
  </datafield>
  <datafield tag="700" ind1="1" ind2=" ">
    <subfield code="a">Coleman, Christopher J.,</subfield>
    <subfield code="e">autor.</subfield>
  </datafield>
  <datafield tag="910" ind1=" " ind2=" ">
    <subfield code="a">dbm</subfield>
    <subfield code="b">wmm</subfield>
    <subfield code="c">wmm</subfield>
    <subfield code="d">20180313</subfield>
  </datafield>
  <datafield tag="942" ind1=" " ind2=" ">
    <subfield code="2">ddc</subfield>
    <subfield code="c">BOOK</subfield>
  </datafield>
  <datafield tag="994" ind1=" " ind2=" ">
    <subfield code="a">C0</subfield>
    <subfield code="b">PEPRU</subfield>
  </datafield>
  <datafield tag="596" ind1=" " ind2=" ">
    <subfield code="a">1</subfield>
  </datafield>
  <datafield tag="999" ind1=" " ind2=" ">
    <subfield code="a">248.4 J6</subfield>
    <subfield code="w">DEWEY</subfield>
    <subfield code="c">27167</subfield>
    <subfield code="i">78374</subfield>
    <subfield code="d">27167</subfield>
    <subfield code="f">2021-11-10</subfield>
    <subfield code="g">4</subfield>
    <subfield code="l">CCODEBUL1</subfield>
    <subfield code="m">BUL</subfield>
    <subfield code="p">20.00</subfield>
    <subfield code="q">1</subfield>
    <subfield code="r">0</subfield>
    <subfield code="s">Y</subfield>
    <subfield code="t">BOOK</subfield>
    <subfield code="u">2018-3-13</subfield>
    <subfield code="x">TEOLOGIA</subfield>
    <subfield code="P">P35</subfield>
    <subfield code="0">DONACION</subfield>
    <subfield code="o">.STAFF. Colecci&#xF3;n Teolog&#xED;a</subfield>
  </datafield>
  <datafield tag="980" ind1=" " ind2=" ">
    <subfield code="8">1</subfield>
    <subfield code="g">ALBERTO SANCHEZ Responsable de Automatizaci&#xF3;n</subfield>
  </datafield>
  <datafield tag="952" ind1=" " ind2=" ">
    <subfield code="r">2025-12-03 00:00:00</subfield>
    <subfield code="i">5</subfield>
    <subfield code="l">0</subfield>
    <subfield code="o">248.4 J6</subfield>
    <subfield code="p">78374</subfield>
    <subfield code="t">e1</subfield>
    <subfield code="v">25.00</subfield>
    <subfield code="w">2018-03-13</subfield>
    <subfield code="x">FT</subfield>
    <subfield code="y">BK</subfield>
    <subfield code="z">inventario-2023-12-13</subfield>
    <subfield code="1">0</subfield>
    <subfield code="2">ddc</subfield>
    <subfield code="5">0</subfield>
    <subfield code="7">0</subfield>
    <subfield code="8">GEN</subfield>
    <subfield code="f">P35</subfield>
    <subfield code="a">BUL</subfield>
    <subfield code="b">BUL</subfield>
    <subfield code="c">GEN</subfield>
    <subfield code="d">2018-03-13</subfield>
    <subfield code="e">DONACION</subfield>
    <subfield code="g">20.00</subfield>
  </datafield>
</record>
